Bude dostatok vody na dostatok potravín?

Analýza stavu a predikcia ďalšieho vývoja tesného vzťahu medzi vodou a produkciou potravín. Bude dostatok dostupných vodných zdrojov na výrobu dostatku potravín? Aký je udržateľný trend vývoja poľnohospodárstva ako producenta potravín. Ako sa uberá slovenské poľnohospodárstvo, náš producent potravín...

Ausführliche Beschreibung

Gespeichert in:
Bibliographische Detailangaben
1. Verfasser: Hríbik, Ján
Format: Buchkapitel
Sprache:Slowakisch
Schlagworte:
Tags: Tag hinzufügen
Keine Tags, Fügen Sie das erste Tag hinzu!

MARC

LEADER 00000naa a2200000 4500
001 0150038
005 20231208124015.5
041 0 |a slo 
044 |a SK 
245 1 0 |a Bude dostatok vody na dostatok potravín?  |c Ján Hríbik 
520 |a Analýza stavu a predikcia ďalšieho vývoja tesného vzťahu medzi vodou a produkciou potravín. Bude dostatok dostupných vodných zdrojov na výrobu dostatku potravín? Aký je udržateľný trend vývoja poľnohospodárstva ako producenta potravín. Ako sa uberá slovenské poľnohospodárstvo, náš producent potravín. 
610 2 0 |a spotreba vody 
610 2 0 |a výroba poľnohospodárska 
610 2 0 |a potravinárstvo 
610 2 0 |a svet 
610 2 0 |a Slovensko 
100 1 |a Hríbik, Ján